| 000 | 00733nam a2200217Ia 4500 | ||
|---|---|---|---|
| 003 | OSt | ||
| 005 | 20250211094749.0 | ||
| 008 | 210210b1965 xxu||||| |||| 00| 0 eng d | ||
| 040 | _cAL | ||
| 041 | _aKannada | ||
| 082 | _a398.2K CHAU | ||
| 100 |
_aCHANDRASHEKHARA KAMBARA. _dಚಂದ್ರಶೇಖರ ಕಂಬಾರ _9198879 |
||
| 245 |
_aUttarakarnatakada janapada-rangabhumi. _bಉತ್ತರಕರ್ನಾಟಕದ ಜನಪದ-ರಂಗಭೂಮಿ |
||
| 260 |
_aDaravada. _bManvantara Prakashana., _c1965 |
||
| 300 | _a101 | ||
| 650 |
_aUttara Karnatakada Janapada Rangabhumi _9198880 |
||
| 690 |
_aFolklore _9198881 |
||
| 700 |
_aJ B Joshi _d ಜಿ ಬಿ ಜೋಶಿ _9198882 |
||
| 906 | _a049304 | ||
| 942 |
_2ddc _cBK |
||
| 999 |
_c98038 _d98038 |
||